| 000 | 01057nam a2200289 4500 | ||
|---|---|---|---|
| 001 | 0000019898 | ||
| 003 | CO-CtgCURN | ||
| 005 | 20250512180119.0 | ||
| 007 | ta | ||
| 008 | 160627s1998 000 0 eng d | ||
| 020 | _a8484069990 | ||
| 040 |
_aCO-CtgCURN _bspa _ccoctgcurn |
||
| 082 | 0 |
_a343.042 _bCh32i |
|
| 100 | 1 | _aCheca González, Clemente. | |
| 245 | 1 | 0 |
_aInterpretacion y aplicacion de las normas tributarias : _banálisis jurisprudencial / _cClemente Checa González. |
| 260 |
_aMadrid : _bEditorial Lex Nova, _c1998. |
||
| 300 | _a370 p. | ||
| 336 | _2rdacontent | ||
| 337 |
_2rdamedia _asin mediacion _bn |
||
| 338 |
_2rdacarrier _avolumen _bnc |
||
| 504 | _aBibliografia (p. 365-367) | ||
| 505 | 8 | _aNaturaleza juridica de las normas financieras.--Interpretacion de las normas tributarias.--La analogía en el derecho tributario.--Fraude de la ley tributaria | |
| 650 | 1 | 4 | _aDerecho fiscal. |
| 908 | _a160627 | ||
| 942 |
_cBK _h343.042 _iCh32i _2ddc _n0 |
||
| 999 |
_c19397 _d19397 |
||